Family Album, U.S.A. Příručka k televiznímu kurzu angličtiny. Díl 1. Lekce 1 až 13

Salvato in:
Dettagli Bibliografici
Autore principale: Beckerman, Howard
Natura: Libro
Lingua:inglese
ceco
Pubblicazione: Praha Stát. nakl. techn. lit. 1990
Edizione:1. vyd.
Tags: Aggiungi Tag
Nessun Tag, puoi essere il primo ad aggiungerne!!

MARC

LEADER 00000nam a2200000 4500
001 c026201
005 20221206122420.0
041 0 |a eng 
041 0 |a cze 
044 |a CZ 
245 1 0 |a Family Album, U.S.A.  |b Příručka k televiznímu kurzu angličtiny. Díl 1. Lekce 1 až 13  |c Howard Beckerman 
250 |a 1. vyd. 
264 1 |a Praha  |b Stát. nakl. techn. lit.  |c 1990 
300 |a 167 s. 
100 1 |a Beckerman, Howard